Normal view
MARC view
- statistics
Entry Corporate Name
001 - CONTROL NUMBER
- control field: 113188
003 - CONTROL NUMBER IDENTIFIER
- control field: NUST
005 - DATE AND TIME OF LATEST TRANSACTION
- control field: 20230621083351.0
008 - FIXED-LENGTH DATA ELEMENTS
- fixed length control field: 230621|| aca||aabn | a|a d
040 ## - CATALOGING SOURCE
- Original cataloging agency: NUST
- Transcribing agency: NUST
110 ## - HEADING--CORPORATE NAME
- Corporate name or jurisdiction name as entry element: statistics
670 ## - SOURCE DATA FOUND
- Source citation: Work cat.: (NUST)193883: Janet T.Spence ,Benton j. Underwood 113187, Elementary Statistics /, 1968
